Novels Everyone Loves Quiz Stats

 Plays Quiz Updated Nov 11, 2016

Challenge
Share
Tweet
Embed
Score 0/27 Timer 09:00
1 Play Today
Author Title % Correct
George Orwell1984
91.1%
F. Scott FitzgeraldThe Great Gatsby
87.9%
J.D. SalingerThe Catcher in the Rye
86.5%
George OrwellAnimal Farm
84.4%
John SteinbeckThe Grapes of Wrath
77.5%
Joseph HellerCatch-22
69.4%
William GoldingLord of the Flies
64.6%
Jack KerouacOn the Road
64.1%
Kurt VonnegutSlaughterhouse Five
62.6%
Vladimir NabokovLolita
59.4%
Anthony BurgessA Clockwork Orange
45.4%
William FaulknerThe Sound and the Fury
43.4%
Ralph EllisonInvisible Man
39.8%
Ernest HemingwayThe Sun Also Rises
37.7%
Author Title % Correct
Virginia WoolfTo the Lighthouse
31.1%
E.M. ForsterA Passage to India
27%
Salman RushdieMidnight's Children
24.4%
Evelyn WaughBrideshead Revisited
24.3%
Henry MillerTropic of Cancer
22.1%
Robert Penn WarrenAll The King's Men
20.6%
Richard WrightNative Son
19.8%
Jean RhysWide Sargasso Sea
15.6%
William FaulknerLight in August
14.3%
James BaldwinGo Tell it on the Mountain
13.5%
Theodore DreiserAn American Tragedy
11.3%
James DickeyDeliverance
10.9%
Willa CatherDeath Comes for the Archbishop
8.7%

You're not logged in!

Compare scores with friends on all Sporcle quizzes.
Join for Free
OR
Log In

You Might Also Like...

Show Comments

Extras

Top Quizzes Today


Score Distribution

Your Account Isn't Verified!

In order to create a playlist on Sporcle, you need to verify the email address you used during registration. Go to your Sporcle Settings to finish the process.

Report this User

Report this user for behavior that violates our Community Guidelines.

Details: